| 000 | 01249nam a2200373 i 4500 | ||
|---|---|---|---|
| 001 | 020349246 | ||
| 003 | Uk | ||
| 005 | 20230213024121.0 | ||
| 008 | 210929s2022 njua f b 001 0 eng d | ||
| 020 | _a9781292422374 (pbk.) | ||
| 020 | _a1292422378 | ||
| 040 |
_aStDuBDS _beng _erda _cStDuBDS _dEG-ScBUE |
||
| 082 | 0 | 4 |
_a629.83 _222 _bDOR |
| 100 | 1 |
_aDorf, Richard C., _eauthor. |
|
| 245 | 1 | 0 |
_aModern control systems / _cRichard C. Dorf, University of California, Davis, Robert H. Bishop, University of South Florida. |
| 250 | _aFourteenth edition. | ||
| 250 | _aGlobal edition. | ||
| 264 | 1 |
_aUpper Saddle River : _bPearson, _c[2022] |
|
| 264 | 4 | _cc2022 | |
| 300 |
_a1022 pages : _billustrations (black and white) ; _c30 cm |
||
| 336 |
_atext _2rdacontent _btxt |
||
| 336 |
_astill image _2rdacontent _btxt |
||
| 337 |
_aunmediated _2rdamedia _bn |
||
| 338 |
_avolume _2rdacarrier _bnc |
||
| 500 | _aPrevious edition: 2017. | ||
| 504 | _aIncludes bibliographical references and index. | ||
| 650 | 7 |
_aFeedback control systems. _2BUEsh |
|
| 650 | 7 |
_aControl theory. _2BUEsh |
|
| 653 |
_bENGGEN _cFebruary2022 |
||
| 655 | _vReading book | ||
| 700 | 1 |
_aBishop, Robert H., _d1957- _eauthor. |
|
| 942 |
_2ddc _cBB |
||
| 999 |
_c30132 _d30103 |
||